[Event "Young Stars 2"]
[Site "Montreal CAN"]
[Date "2017.12.09"]
[Round "1.1"]
[White "Leger, Manon"]
[Black "Tomb, Maroun"]
[Result "0-1"]
[WhiteElo "1946"]
[BlackElo "2177"]
[WhiteFideId "-1"]
[WhiteFideId "-1"]
[PlyCount "120"]
[GameId "2160767908292151"]
[EventDate "2017.12.09"]
[EventType "swiss"]
[EventRounds "8"]
[EventCountry "CAN"]
[SourceTitle "hb 2017"]

1. e4 c5 2. Nf3 Nc6 3. d4 cxd4 4. Nxd4 g6 5. c4 Nf6 6. Nc3 Bg7 7. Be3 Ng4 8. Qxg4 Nxd4 9. Qd1 Ne6 10. Rc1 Qa5 11. a3 b6 12. Be2 Bb7 13. f3 g5 14. O-O Qe5 15. Qd2 Nf4 16. Rfd1 Nxe2+ 17. Nxe2 Qe6 18. Nd4 Bxd4 19. Qxd4 Rg8 20. g4 d6 21. b4 h5 22. h3 hxg4 23. hxg4 f6 24. Rd2 Kf7 25. Rh2 Rac8 26. Rcc2 Rh8 27. Rxh8 Rxh8 28. Rh2 Rxh2 29. Kxh2 Ba6 30. b5 Bb7 31. a4 Qc8 32. Kg3 Qc7 33. Kg2 Bc8 34. a5 Be6 35. axb6 axb6 36. Qxb6 Qxc4 37. Qc6 Qb3 38. Bf2 Bc4 39. b6 Be2 40. Qd5+ Qxd5 41. exd5 Ba6 42. Kg3 Bb7 43. f4 Bxd5 44. fxg5 fxg5 45. Be3 Kf6 46. Kf2 e5 47. Ke2 Bb7 48. Kd3 d5 49. Bc5 Ba6+ 50. Ke3 d4+ 51. Ke4 Bb7+ 52. Kd3 Ke6 53. Bf8 Ba6+ 54. Kd2 e4 55. Bg7 e3+ 56. Kd1 Kd5 57. Bf6 d3 58. Bxg5 Ke4 59. Be7 d2 60. Kc2 Be2 0-1

[Event "Young Stars 2"]
[Site "Montreal CAN"]
[Date "2017.12.09"]
[Round "1.2"]
[White "Bassel, Charaf"]
[Black "Zhong, Kevin"]
[Result "1/2-1/2"]
[WhiteElo "2073"]
[BlackElo "1912"]
[WhiteFideId "-1"]
[WhiteFideId "-1"]
[PlyCount "52"]
[GameId "2160767908292152"]
[EventDate "2017.12.09"]
[EventType "swiss"]
[EventRounds "8"]
[EventCountry "CAN"]
[SourceTitle "hb 2017"]

1. c4 e6 2. d4 d5 3. Nc3 c5 4. cxd5 exd5 5. Nf3 Nc6 6. g3 Nf6 7. Bg5 cxd4 8. Nxd4 Bc5 9. Nxc6 bxc6 10. e3 O-O 11. Qf3 Be7 12. Bd3 h6 13. Bxf6 Bxf6 14. O-O Rb8 15. Qe2 Re8 16. Qc2 d4 17. exd4 Bxd4 18. Rac1 Qf6 19. Rfe1 Bh3 20. Bf1 Bf5 21. Rxe8+ Rxe8 22. Qd2 Rd8 23. Qf4 Be5 24. Qe3 Bd4 25. Qf4 Be5 26. Qe3 Bd4 1/2-1/2

[Event "Young Stars 2"]
[Site "Montreal CAN"]
[Date "2017.12.09"]
[Round "1.3"]
[White "Pomerantz, Daniel"]
[Black "Durette, Francis"]
[Result "0-1"]
[WhiteElo "1905"]
[BlackElo "1990"]
[WhiteFideId "-1"]
[WhiteFideId "-1"]
[PlyCount "96"]
[GameId "2160767908292153"]
[EventDate "2017.12.09"]
[EventType "swiss"]
[EventRounds "8"]
[EventCountry "CAN"]
[SourceTitle "hb 2017"]

1. e4 d6 2. d4 g6 3. Nc3 Nf6 4. Nf3 Bg7 5. h3 c6 6. Bd3 a5 7. Be3 Na6 8. Qd2 Nb4 9. Be2 h6 10. a3 Na6 11. O-O Be6 12. Rfe1 Nc7 13. Bd3 b5 14. b4 a4 15. Rad1 g5 16. Ne2 d5 17. e5 Ne4 18. Qc1 f5 19. exf6 exf6 20. Nd2 f5 21. f3 Nd6 22. c3 O-O 23. Bf2 f4 24. Nf1 Bf5 25. Bxf5 Nxf5 26. h4 Ne6 27. hxg5 Qxg5 28. g3 Nh4 29. Nh2 Rf6 30. Kh1 fxg3 31. Nxg3 Nf4 32. Re5 Qg6 33. Ng4 Rf7 34. Qe3 Nhg2 35. Qd2 h5 36. Ne3 Bxe5 37. dxe5 Nxe3 38. Bxe3 h4 39. Bxf4 hxg3 40. Kg2 Qf5 41. e6 Rf6 42. Bxg3 Qxf3+ 43. Kh2 Qh5+ 44. Kg2 Rxe6 45. Qd4 Re2+ 46. Kg1 Qf3 47. Bf2 Rf8 48. Rf1 Re4 0-1

[Event "Young Stars 2"]
[Site "Montreal CAN"]
[Date "2017.12.09"]
[Round "1.4"]
[White "Jacquet, Stephane"]
[Black "Saine, Zachary"]
[Result "1-0"]
[WhiteElo "1951"]
[BlackElo "1854"]
[WhiteFideId "-1"]
[WhiteFideId "-1"]
[PlyCount "101"]
[GameId "2160767908292154"]
[EventDate "2017.12.09"]
[EventType "swiss"]
[EventRounds "8"]
[EventCountry "CAN"]
[SourceTitle "hb 2017"]

1. d4 d5 2. c4 e6 3. Nc3 c6 4. e4 dxe4 5. Nxe4 Bb4+ 6. Bd2 Qxd4 7. Bxb4 Qxe4+ 8. Be2 Na6 9. Ba5 b6 10. Bc3 Ne7 11. Nf3 Bb7 12. Nd2 Qg6 13. Bf3 O-O-O 14. O-O Nf5 15. Bh5 Qg5 16. Ne4 Qf4 17. Qg4 Qxg4 18. Bxg4 f6 19. Bxf5 exf5 20. Ng3 Nc5 21. Nxf5 Na4 22. Bd4 c5 23. Be3 g6 24. Nh6 Rd7 25. b3 Nb2 26. Ng4 f5 27. Ne5 Re7 28. Bc1 Na4 29. bxa4 Rxe5 30. Bb2 Rhe8 31. Bxe5 Rxe5 32. Rfe1 Re4 33. Rxe4 Bxe4 34. f3 Bc6 35. a5 b5 36. cxb5 Bxb5 37. Rc1 c4 38. a4 Ba6 39. Kf2 Kc7 40. Ke3 Kd6 41. Kd4 Kc6 42. f4 Kd6 43. h4 Bb7 44. g3 Bd5 45. Re1 Bf7 46. Rb1 Kc6 47. Rb8 h5 48. Rf8 Be6 49. Rf6 Kd7 50. Rxg6 Ke7 51. Rh6 1-0

[Event "Young Stars 2"]
[Site "Montreal CAN"]
[Date "2017.12.09"]
[Round "1.5"]
[White "Wang, Isabelle"]
[Black "Gauthier, Denis"]
[Result "1/2-1/2"]
[WhiteElo "1356"]
[BlackElo "1833"]
[WhiteFideId "-1"]
[WhiteFideId "-1"]
[PlyCount "84"]
[GameId "2160767908292155"]
[EventDate "2017.12.09"]
[EventType "swiss"]
[EventRounds "8"]
[EventCountry "CAN"]
[SourceTitle "hb 2017"]

1. e4 c5 2. Nf3 e6 3. d4 cxd4 4. Nxd4 Nc6 5. Nc3 Qc7 6. Be3 Nf6 7. Be2 a6 8. O-O Bb4 9. Bf3 Ne5 10. Bd2 Nxf3+ 11. Qxf3 Be7 12. Rfe1 d6 13. Rad1 O-O 14. Qe2 b5 15. a3 Bb7 16. Kh1 Rac8 17. f4 d5 18. e5 Ne4 19. Nxe4 dxe4 20. Bb4 Rfd8 21. Bxe7 Qxe7 22. c3 Qc5 23. Nb3 Qc7 24. Nd2 Qc6 25. Nxe4 Rxd1 26. Qxd1 h6 27. Qd6 Qd5 28. Qxd5 Bxd5 29. Nd6 Rc6 30. Kg1 Kf8 31. g4 f6 32. Kf2 Ke7 33. Kg3 Rc5 34. h4 Bb3 35. Ne4 Rd5 36. exf6+ gxf6 37. Re2 Rd3+ 38. Kf2 Bd5 39. f5 e5 40. h5 a5 41. Re3 Rd1 42. Re2 Rd3 1/2-1/2

[Event "Young Stars 2"]
[Site "Montreal CAN"]
[Date "2017.12.09"]
[Round "1.6"]
[White "Joanis, Marc-Andre"]
[Black "Duplessis, Claude"]
[Result "1-0"]
[WhiteElo "1797"]
[BlackElo "1518"]
[WhiteFideId "-1"]
[WhiteFideId "-1"]
[PlyCount "119"]
[GameId "2160767908292156"]
[EventDate "2017.12.09"]
[EventType "swiss"]
[EventRounds "8"]
[EventCountry "CAN"]
[SourceTitle "hb 2017"]

1. Nf3 f5 2. g3 Nf6 3. Bg2 e6 4. c4 d6 5. d4 Be7 6. O-O O-O 7. Nc3 Nbd7 8. b3 Ne4 9. Bb2 Qe8 10. Rc1 Qh5 11. Nb5 Bd8 12. Nd2 Ndf6 13. Nxe4 fxe4 14. e3 Qxd1 15. Rfxd1 a6 16. Nc3 d5 17. Ne2 Ng4 18. Rf1 Be7 19. cxd5 exd5 20. Rxc7 Bd6 21. Rcc1 Bd7 22. h3 Bb5 23. hxg4 Bxe2 24. Rfe1 Bxg4 25. Rc2 Rac8 26. Rec1 Rxc2 27. Rxc2 Rc8 28. Rxc8+ Bxc8 29. f3 Bf5 30. g4 exf3 31. Bxf3 Be4 32. Kf2 Kf7 33. Bc3 Kf6 34. Ba5 Ke6 35. Bd8 Bb1 36. Bd1 Kd7 37. Ba5 Kc6 38. a4 b5 39. Be2 Bc2 40. axb5+ axb5 41. b4 Bb3 42. Bf3 Bc7 43. Bxc7 Kxc7 44. g5 Kd6 45. Kg3 Bc2 46. Kf4 Bd3 47. Bg4 Be4 48. Be2 Kc6 49. Ke5 h6 50. gxh6 gxh6 51. Kf4 Bg6 52. Ke5 h5 53. Bf3 Bf7 54. Kf6 Be8 55. Kg5 Kd6 56. Bxh5 Bxh5 57. Kxh5 Ke6 58. Kg6 Ke7 59. Kf5 Kd6 60. Kf6 1-0

[Event "Young Stars 2"]
[Site "Montreal CAN"]
[Date "2017.12.09"]
[Round "1.7"]
[White "Liu, Kevin1"]
[Black "Craciun, David"]
[Result "1/2-1/2"]
[WhiteElo "1456"]
[BlackElo "1680"]
[WhiteFideId "-1"]
[WhiteFideId "-1"]
[PlyCount "61"]
[GameId "2160767908292157"]
[EventDate "2017.12.09"]
[EventType "swiss"]
[EventRounds "8"]
[EventCountry "CAN"]
[SourceTitle "EXT 2022"]
[Source "ChessBase"]
[SourceDate "2021.10.06"]
[SourceVersion "1"]
[SourceVersionDate "2021.10.06"]
[SourceQuality "1"]

1. c4 e6 2. g3 d5 3. cxd5 exd5 4. d4 Bf5 5. Bg2 Nf6 6. Nc3 c6 7. Nf3 Bd6 8. O-O Nbd7 9. Bd2 O-O 10. a3 a5 11. Nh4 Bg4 12. Rb1 Re8 13. h3 Bh5 14. b4 axb4 15. axb4 Qb6 16. g4 Bg6 17. Nxg6 hxg6 18. e3 Ne4 19. Bxe4 dxe4 20. b5 c5 21. Nd5 Qd8 22. Bc3 b6 23. f4 f5 24. gxf5 gxf5 25. Rf2 Qh4 26. Rg2 c4 27. Kh2 Kf7 28. Qg1 Rg8 29. Rg6 Nf6 30. Nxf6 gxf6 31. Rg3 1/2-1/2

[Event "Young Stars 2"]
[Site "Montreal CAN"]
[Date "2017.12.09"]
[Round "1.8"]
[White "Steinberg, Ellis"]
[Black "Yan, Alex Jikai"]
[Result "1-0"]
[WhiteElo "1674"]
[BlackElo "1440"]
[WhiteFideId "-1"]
[WhiteFideId "-1"]
[PlyCount "137"]
[GameId "2160767908292158"]
[EventDate "2017.12.09"]
[EventType "swiss"]
[EventRounds "8"]
[EventCountry "CAN"]
[SourceTitle "hb 2017"]

1. e4 e5 2. Nf3 Nc6 3. Bb5 a6 4. Ba4 b5 5. Bb3 Be7 6. O-O Nf6 7. Re1 O-O 8. h3 d6 9. c3 Bb7 10. d3 h6 11. Nbd2 Na5 12. Bc2 c5 13. Nf1 Nh7 14. Ng3 Ng5 15. Nf5 Bc8 16. Nxe7+ Qxe7 17. Nxg5 hxg5 18. Qh5 f6 19. Be3 Qe8 20. Qe2 Nc6 21. a4 Be6 22. axb5 axb5 23. Qf1 Qf7 24. Rxa8 Rxa8 25. Ra1 Ra5 26. Rxa5 Nxa5 27. Qa1 Nb3 28. Qa8+ Qf8 29. Qb7 Qe8 30. Qc7 Na1 31. Bd1 Qd7 32. Qxd7 Bxd7 33. c4 bxc4 34. dxc4 f5 35. Bxg5 Be6 36. exf5 Bxc4 37. Be7 d5 38. Bxc5 Nb3 39. Bd6 e4 40. Be5 Nc5 41. Bd4 Nd3 42. b3 Bb5 43. g4 Nf4 44. Kh2 Kf7 45. Kg3 Ne2+ 46. Bxe2 Bxe2 47. Kf4 g6 48. fxg6+ Kxg6 49. Be5 Bd1 50. b4 Be2 51. h4 Bb5 52. Bd4 Bd7 53. Bc3 Bb5 54. h5+ Kh6 55. Bd4 Be2 56. Be3 Bc4 57. Kf5+ Kg7 58. Ke5 Kh7 59. Kf6 Be2 60. Kf5 Kg7 61. h6+ Kh7 62. g5 Bh5 63. b5 Be8 64. b6 Bc6 65. Kf6 Kg8 66. g6 d4 67. h7+ Kh8 68. Bxd4 Be8 69. Kg5# 1-0

[Event "Young Stars 2"]
[Site "Montreal CAN"]
[Date "2017.12.09"]
[Round "1.9"]
[White "Bercuvitz, Tani"]
[Black "Richard, Leo"]
[Result "0-1"]
[WhiteElo "1375"]
[BlackElo "1634"]
[WhiteFideId "-1"]
[WhiteFideId "-1"]
[PlyCount "62"]
[GameId "2160767908292159"]
[EventDate "2017.12.09"]
[EventType "swiss"]
[EventRounds "8"]
[EventCountry "CAN"]
[SourceTitle "hb 2017"]

1. d4 Nf6 2. c4 c5 3. Nf3 cxd4 4. Nxd4 e6 5. Nc3 a6 6. Bg5 Be7 7. Rc1 O-O 8. e3 Qb6 9. Qc2 Nc6 10. Nxc6 bxc6 11. a3 Qa5 12. Bd3 Qxg5 13. O-O Qe5 14. g3 Bb7 15. Ne4 Nxe4 16. Bxe4 f5 17. Bg2 a5 18. Rfd1 Rfd8 19. Rd2 Rab8 20. Rcd1 d5 21. cxd5 cxd5 22. Qa4 Qc7 23. Rc2 Qb6 24. Rdd2 Rbc8 25. Rxc8 Rxc8 26. Qd7 Bf8 27. Qa4 Rc1+ 28. Bf1 Bc6 29. Qd4 Qxd4 30. Rxd4 Bb5 31. Kg2 Bxf1+ 0-1

[Event "Young Stars 2"]
[Site "Montreal CAN"]
[Date "2017.12.09"]
[Round "1.10"]
[White "Guipi Bopala, Prince Eric jr"]
[Black "Chapdelaine, Gwyn"]
[Result "1-0"]
[Annotator ",Microsoft"]
[WhiteElo "1606"]
[BlackElo "1285"]
[WhiteFideId "-1"]
[WhiteFideId "-1"]
[PlyCount "36"]
[GameId "2160767739316818"]
[EventDate "2017.12.09"]
[EventType "swiss"]
[EventRounds "8"]
[EventCountry "CAN"]
[SourceTitle "hb 2017"]

1. d4 d5 2. Bf4 Nf6 3. e3 Nc6 4. h3 Bd7 5. Nf3 e6 6. Be2 Bd6 7. Ne5 a6 8. O-O g5 9. Bh2 h5 10. c4 g4 11. h4 Ne4 12. f3 g3 13. fxe4 gxh2+ 14. Kh1 Nxe5 15. dxe5 Bxe5 16. Bxh5 Rh7 17. Rxf7 Rxf7 18. Bxf7+ Kxf7 {etc. (31 moves/coups).} 1-0

[Event "Young Stars 2"]
[Site "Montreal CAN"]
[Date "2017.12.09"]
[Round "1.11"]
[White "Omichi, Kevin"]
[Black "Chang, Alexander"]
[Result "0-1"]
[WhiteElo "1148"]
[BlackElo "1513"]
[WhiteFideId "-1"]
[WhiteFideId "-1"]
[PlyCount "114"]
[GameId "2160767908292160"]
[EventDate "2017.12.09"]
[EventType "swiss"]
[EventRounds "8"]
[EventCountry "CAN"]
[SourceTitle "hb 2017"]

1. e4 e5 2. Nf3 Nc6 3. d4 exd4 4. Nxd4 Bc5 5. Be3 Bb6 6. Nc3 d6 7. Bb5 Bd7 8. O-O Nf6 9. h3 O-O 10. Qd2 Nxd4 11. Bxd4 Bxb5 12. Nxb5 Nxe4 13. Qd3 Bxd4 14. Nxd4 Nf6 15. Rfe1 Qd7 16. Re2 Rfe8 17. Rae1 Rxe2 18. Rxe2 Re8 19. Kf1 Rxe2 20. Nxe2 h6 21. Nc3 d5 22. Qb5 c6 23. Qd3 c5 24. b3 a6 25. a4 Qc6 26. f3 d4 27. Ne4 Nxe4 28. Qxe4 Qxe4 29. fxe4 b6 30. Ke2 f6 31. Kd3 Kf7 32. c3 dxc3 33. Kxc3 Ke6 34. Kd3 b5 35. axb5 axb5 36. g3 Ke5 37. g4 Kf4 38. Kd2 Kxe4 39. Ke2 c4 40. bxc4 bxc4 41. h4 c3 42. g5 hxg5 43. hxg5 fxg5 44. Kd1 Kd3 45. Kc1 c2 46. Kb2 Kd2 47. Kb3 c1=Q 48. Kb4 Qc3+ 49. Kb5 Kd3 50. Kb6 Qc4 51. Kb7 Qc5 52. Kb8 Qc6 53. Ka7 Qb5 54. Ka8 Kd4 55. Ka7 Kc5 56. Ka8 Kc6 57. Ka7 Qb7# 0-1

[Event "Young Stars 2"]
[Site "Montreal CAN"]
[Date "2017.12.09"]
[Round "1.12"]
[White "Omichi, Haruaki"]
[Black "Rasmussen, Nicolas"]
[Result "1-0"]
[WhiteElo "1485"]
[BlackElo "1062"]
[WhiteFideId "-1"]
[WhiteFideId "-1"]
[PlyCount "73"]
[GameId "2160767908292161"]
[EventDate "2017.12.09"]
[EventType "swiss"]
[EventRounds "8"]
[EventCountry "CAN"]
[SourceTitle "hb 2017"]

1. e4 c6 2. d4 d5 3. exd5 cxd5 4. Bd3 Nf6 5. Bf4 e6 6. Nf3 Qb6 7. Qc1 Nc6 8. c3 Be7 9. O-O h6 10. Nbd2 O-O 11. Re1 a6 12. Ne5 Nxe5 13. Bxe5 Qc6 14. Nf3 b5 15. Bf4 Nd7 16. Bxh6 e5 17. Bxg7 Kxg7 18. Nxe5 Nxe5 19. Rxe5 Qf6 20. Qe3 Re8 21. Re1 Kf8 22. Rh5 Be6 23. h4 Bg4 24. Rh6 Qg7 25. Qf4 Kg8 26. Rh7 Qf6 27. Qxg4+ Kf8 28. Qh5 Kg8 29. Re5 Bd6 30. Rg5+ Kf8 31. Rh8+ Ke7 32. Rxe8+ Rxe8 33. Rf5 Qg7 34. Qg5+ Qxg5 35. Rxg5 Kf8 36. g3 f6 37. Rxd5 1-0

[Event "Young Stars 2"]
[Site "Montreal CAN"]
[Date "2017.12.09"]
[Round "2.1"]
[White "Tomb, Maroun"]
[Black "Jacquet, Stephane"]
[Result "1-0"]
[WhiteElo "2177"]
[BlackElo "1951"]
[WhiteFideId "-1"]
[WhiteFideId "-1"]
[PlyCount "117"]
[GameId "2160767908292162"]
[EventDate "2017.12.09"]
[EventType "swiss"]
[EventRounds "8"]
[EventCountry "CAN"]
[SourceTitle "hb 2017"]

1. e4 d6 2. d4 Nf6 3. f3 g6 4. Be3 c6 5. c4 Bg7 6. Nc3 O-O 7. Qd2 Nbd7 8. h4 h5 9. Nh3 a6 10. Be2 b5 11. a3 Rb8 12. g4 Nb6 13. b3 Qc7 14. g5 Ne8 15. Rc1 bxc4 16. bxc4 Be6 17. Nd1 Bxh3 18. Rxh3 Nd7 19. f4 c5 20. d5 Rb3 21. Bf1 Qb6 22. Qc2 Nc7 23. Bd2 Rb8 24. a4 Nf8 25. a5 Qb7 26. Nc3 Qc8 27. Rg3 e6 28. Bh3 Qe8 29. Kf1 Bd4 30. Rb1 Rxb1+ 31. Nxb1 exd5 32. exd5 Rb2 33. Qd3 Qa4 34. Be1 Rxb1 35. Qxb1 Qxc4+ 36. Qd3 Qxd3+ 37. Rxd3 Nxd5 38. Bc8 Ne6 39. Bxa6 Ne3+ 40. Kf2 Nc2+ 41. Kf1 Ne3+ 42. Rxe3 Bxe3 43. Bc8 Nc7 44. f5 c4 45. Ke2 Bc5 46. Bf2 Bxf2 47. Kxf2 Kf8 48. fxg6 fxg6 49. a6 Ke7 50. a7 d5 51. Bb7 Kd6 52. a8=Q Nxa8 53. Bxa8 Ke5 54. Ke3 d4+ 55. Kf3 d3 56. Ke3 Kf5 57. Be4+ Kg4 58. Bxg6 Kxh4 59. Kf4 1-0

[Event "Young Stars 2"]
[Site "Montreal CAN"]
[Date "2017.12.09"]
[Round "2.2"]
[White "Durette, Francis"]
[Black "Tanaka, Tyler"]
[Result "0-1"]
[WhiteElo "1990"]
[BlackElo "1993"]
[WhiteFideId "-1"]
[WhiteFideId "-1"]
[PlyCount "118"]
[GameId "2160767908292163"]
[EventDate "2017.12.09"]
[EventType "swiss"]
[EventRounds "8"]
[EventCountry "CAN"]
[SourceTitle "EXT 2022"]
[Source "ChessBase"]
[SourceDate "2021.10.06"]
[SourceVersion "1"]
[SourceVersionDate "2021.10.06"]
[SourceQuality "1"]

1. c4 Nf6 2. Nc3 g6 3. g3 Bg7 4. Bg2 O-O 5. e4 d6 6. Nge2 c5 7. O-O Nc6 8. d3 a6 9. h3 Rb8 10. f4 Nd4 11. Be3 Nd7 12. Qd2 b5 13. Rab1 e6 14. b4 cxb4 15. Nxd4 bxc3 16. Qc2 Qc7 17. cxb5 e5 18. fxe5 dxe5 19. Nc6 Rxb5 20. Qxc3 Nb8 21. Rxb5 axb5 22. Rc1 Be6 23. Nb4 Qa5 24. Qb2 Na6 25. a3 Nxb4 26. axb4 Qd8 27. Qc3 Qd7 28. Kh2 h5 29. Qa3 Rc8 30. Rxc8+ Qxc8 31. Qa5 Qd7 32. Bf1 Qc6 33. Qd8+ Kh7 34. Qe7 Qc2+ 35. Kg1 Qd1 36. Qc5 Bxh3 37. Qc1 Qxc1 38. Bxc1 Bxf1 39. Kxf1 Bf8 40. Bd2 Kg7 41. Kf2 Kf6 42. Bc3 Ke6 43. Ke3 f5 44. Kf3 g5 45. Bd2 Bh6 46. Kg2 Kf6 47. Bc1 Bf8 48. Bd2 Bd6 49. Bc3 Kg6 50. Be1 f4 51. Bd2 g4 52. Kf2 Kg5 53. Kg2 h4 54. gxh4+ Kxh4 55. Be1+ g3 56. Bc3 Kg4 57. Bd2 Bc7 58. Bc3 f3+ 59. Kf1 g2+ 0-1

[Event "Young Stars 2"]
[Site "Montreal CAN"]
[Date "2017.12.09"]
[Round "2.3"]
[White "Zhong, Kevin"]
[Black "Leger, Manon"]
[Result "1-0"]
[WhiteElo "1912"]
[BlackElo "1946"]
[WhiteFideId "-1"]
[WhiteFideId "-1"]
[PlyCount "53"]
[GameId "2160767908292164"]
[EventDate "2017.12.09"]
[EventType "swiss"]
[EventRounds "8"]
[EventCountry "CAN"]
[SourceTitle "hb 2017"]

1. e4 c6 2. d4 d5 3. exd5 cxd5 4. c4 Nf6 5. Nc3 e6 6. Nf3 Nc6 7. Bg5 Be7 8. c5 O-O 9. Bb5 Nd7 10. Bxe7 Nxe7 11. O-O a5 12. a3 Qc7 13. Bd3 b6 14. b4 Bb7 15. Nb5 Qb8 16. Nd6 axb4 17. axb4 Rxa1 18. Qxa1 bxc5 19. bxc5 Bc6 20. Qc3 Qc7 21. g3 Rb8 22. Ng5 h6 23. Bh7+ Kf8 24. Ngxf7 Nf6 25. Bc2 Ne4 26. Qf3 Nf6 27. Nxh6 1-0

[Event "Young Stars 2"]
[Site "Montreal CAN"]
[Date "2017.12.09"]
[Round "2.4"]
[White "Saine, Zachary"]
[Black "Joanis, Marc-Andre"]
[Result "1/2-1/2"]
[WhiteElo "1854"]
[BlackElo "1797"]
[WhiteFideId "-1"]
[WhiteFideId "-1"]
[PlyCount "102"]
[GameId "2160767908292165"]
[EventDate "2017.12.09"]
[EventType "swiss"]
[EventRounds "8"]
[EventCountry "CAN"]
[SourceTitle "hb 2017"]

1. e4 Nf6 2. e5 Nd5 3. c4 Nb6 4. d4 d6 5. f4 g6 6. Be3 Bg7 7. Be2 O-O 8. Nf3 Be6 9. d5 Bg4 10. Nbd2 c6 11. Qb3 dxe5 12. fxe5 cxd5 13. Bxb6 axb6 14. cxd5 Nd7 15. Qe3 Qb8 16. O-O Bxf3 17. Nxf3 Nxe5 18. Qxb6 Nxf3+ 19. Rxf3 Qe5 20. Bc4 Rac8 21. Bb3 Qxb2 22. Rd1 Rc1 23. Rff1 Rc2 24. Rf2 Rxf2 25. Qxf2 Qxf2+ 26. Kxf2 Rc8 27. d6 exd6 28. Rxd6 Rc7 29. Rd8+ Bf8 30. Kf3 Kg7 31. Ke4 Be7 32. Re8 Bf6 33. Kd5 Be7 34. Kd4 Bf6+ 35. Kd3 h5 36. h3 h4 37. Rb8 Rd7+ 38. Kc4 Bd4 39. Ba4 Be5 40. Bxd7 Bxb8 41. Kb5 Bc7 42. a4 f5 43. a5 Kf6 44. Bc8 g5 45. Bxb7 Bxa5 46. Kxa5 g4 47. hxg4 fxg4 48. Kb4 Ke5 49. Kc4 Kf4 50. Kd3 Kg3 51. Ke2 h3 1/2-1/2

[Event "Young Stars 2"]
[Site "Montreal CAN"]
[Date "2017.12.09"]
[Round "2.5"]
[White "Chang, Alexander"]
[Black "Steinberg, Ellis"]
[Result "1-0"]
[WhiteElo "1513"]
[BlackElo "1674"]
[WhiteFideId "-1"]
[WhiteFideId "-1"]
[PlyCount "85"]
[GameId "2160767908292166"]
[EventDate "2017.12.09"]
[EventType "swiss"]
[EventRounds "8"]
[EventCountry "CAN"]
[SourceTitle "hb 2017"]

1. e4 Nc6 2. d4 d5 3. e5 Bf5 4. Nf3 f6 5. Bb5 fxe5 6. Nxe5 Qd6 7. O-O a6 8. Bxc6+ bxc6 9. Qf3 Bg6 10. Bf4 Qf6 11. c3 Be4 12. Qe3 h5 13. Nd2 Bf5 14. Ndf3 Nh6 15. Rac1 Ng4 16. Nxg4 hxg4 17. Ne5 Qe6 18. c4 Be4 19. cxd5 Bxd5 20. Nxc6 Qxe3 21. fxe3 Bxa2 22. Bxc7 Rh6 23. Ne5 Be6 24. e4 Rf6 25. d5 Bd7 26. Nc4 Bb5 27. b3 Ra7 28. Bg3 Kd8 29. e5 Rxf1+ 30. Rxf1 Ke8 31. Rf4 a5 32. Na3 Bd3 33. Rd4 Bf5 34. e6 g6 35. Rc4 Kd8 36. Nb5 Ra8 37. Bc7+ Kc8 38. Bf4+ Kb7 39. Rc7+ Kb6 40. Nc3 Bg7 41. Na4+ Kb5 42. Rb7+ Ka6 43. Nc5# 1-0

[Event "Young Stars 2"]
[Site "Montreal CAN"]
[Date "2017.12.09"]
[Round "2.6"]
[White "Richard, Leo"]
[Black "Omichi, Haruaki"]
[Result "1-0"]
[WhiteElo "1634"]
[BlackElo "1485"]
[WhiteFideId "-1"]
[WhiteFideId "-1"]
[PlyCount "99"]
[GameId "2160767908292167"]
[EventDate "2017.12.09"]
[EventType "swiss"]
[EventRounds "8"]
[EventCountry "CAN"]
[SourceTitle "hb 2017"]

1. e4 c5 2. Ne2 Nc6 3. Nbc3 g6 4. g3 Bg7 5. Bg2 d6 6. O-O Nf6 7. d3 O-O 8. h3 Rb8 9. a4 a6 10. f4 Ne8 11. Be3 e5 12. g4 f5 13. gxf5 gxf5 14. fxe5 Nxe5 15. Ng3 Qh4 16. Nxf5 Bxf5 17. exf5 Nf6 18. Ne4 Nxe4 19. dxe4 Nc4 20. Qd5+ Kh8 21. Qxc4 Be5 22. Kh1 Qg3 23. Bg1 Rg8 24. Qe2 Bxb2 25. Rab1 Be5 26. Rb3 Qh4 27. Qf2 Bg3 28. Qe2 Be5 29. Bh2 Bxh2 30. Kxh2 Rg7 31. f6 Rf7 32. Rbf3 Re8 33. Rf5 Qh6 34. Qh5 Qg6 35. Qxg6 hxg6 36. Rd5 Re6 37. Rf4 Rfxf6 38. Rxf6 Rxf6 39. Kg3 Kg7 40. e5 dxe5 41. Rxe5 b6 42. Re7+ Kh6 43. h4 Rd6 44. Be4 b5 45. Rc7 Rd4 46. Kf3 Rc4 47. axb5 axb5 48. Re7 Rc3+ 49. Kg4 b4 50. h5 1-0

[Event "Young Stars 2"]
[Site "Montreal CAN"]
[Date "2017.12.09"]
[Round "2.8"]
[White "Gauthier, Denis"]
[Black "Liu, Kevin1"]
[Result "1-0"]
[WhiteElo "1833"]
[BlackElo "1456"]
[WhiteFideId "-1"]
[WhiteFideId "-1"]
[PlyCount "49"]
[GameId "2160767908292169"]
[EventDate "2017.12.09"]
[EventType "swiss"]
[EventRounds "8"]
[EventCountry "CAN"]
[SourceTitle "EXT 2022"]
[Source "ChessBase"]
[SourceDate "2021.10.06"]
[SourceVersion "1"]
[SourceVersionDate "2021.10.06"]
[SourceQuality "1"]

1. d4 d5 2. c4 dxc4 3. e4 e5 4. Nf3 exd4 5. Bxc4 Nc6 6. O-O Bc5 7. Nbd2 Nge7 8. Re1 O-O 9. a3 Ng6 10. b4 Bd6 11. Nb3 Nge5 12. Nxe5 Bxe5 13. f4 Bf6 14. e5 Be7 15. Bb2 Be6 16. Bxe6 fxe6 17. g3 g5 18. b5 Nb8 19. Bxd4 c6 20. a4 Rf7 21. Rf1 Rg7 22. f5 exf5 23. Rxf5 Qd7 24. Qf3 cxb5 25. e6 1-0

[Event "Young Stars 2"]
[Site "Montreal CAN"]
[Date "2017.12.09"]
[Round "2.9"]
[White "Craciun, David"]
[Black "Wang, Rachel Zihan"]
[Result "1-0"]
[WhiteElo "1680"]
[BlackElo "1323"]
[WhiteFideId "-1"]
[WhiteFideId "-1"]
[PlyCount "71"]
[GameId "2160767908292170"]
[EventDate "2017.12.09"]
[EventType "swiss"]
[EventRounds "8"]
[EventCountry "CAN"]
[SourceTitle "EXT 2022"]
[Source "ChessBase"]
[SourceDate "2021.10.06"]
[SourceVersion "1"]
[SourceVersionDate "2021.10.06"]
[SourceQuality "1"]

1. d4 d5 2. Bf4 Nf6 3. Nf3 e6 4. e3 Bd6 5. Ne5 O-O 6. Bd3 Nbd7 7. Nd2 b6 8. O-O Bb7 9. h3 c5 10. c3 Qc7 11. Nxd7 Nxd7 12. Bxd6 Qxd6 13. f4 f5 14. Nf3 Rf6 15. Ne5 Raf8 16. g4 fxg4 17. hxg4 h6 18. Qc2 Qe7 19. Ng6 Rxg6 20. Bxg6 Qh4 21. Qg2 Rf6 22. Bd3 Nb8 23. Rf3 Ba6 24. Bxa6 Nxa6 25. Rh3 Qxh3 26. Qxh3 Nc7 27. Kg2 Ne8 28. g5 hxg5 29. fxg5 Rg6 30. Qh5 Kf7 31. Rf1+ Nf6 32. Kh2 cxd4 33. gxf6 dxc3 34. Rg1 cxb2 35. Qxg6+ Kg8 36. Qxg7# 1-0

[Event "Young Stars 2"]
[Site "Montreal CAN"]
[Date "2017.12.09"]
[Round "2.10"]
[White "Duplessis, Claude"]
[Black "Wang, Isabelle"]
[Result "1-0"]
[WhiteElo "1518"]
[BlackElo "1356"]
[WhiteFideId "-1"]
[WhiteFideId "-1"]
[PlyCount "79"]
[GameId "2160767908292171"]
[EventDate "2017.12.09"]
[EventType "swiss"]
[EventRounds "8"]
[EventCountry "CAN"]
[SourceTitle "hb 2017"]

1. e4 e5 2. Nf3 Nc6 3. Bb5 a6 4. Ba4 Nf6 5. O-O Bc5 6. Re1 b5 7. Bb3 O-O 8. c3 d6 9. h3 Re8 10. d4 exd4 11. cxd4 Bb4 12. Bd2 Bxd2 13. Nbxd2 Na5 14. Bc2 c5 15. d5 Nd7 16. Nf1 Nc4 17. Qc1 Qf6 18. b3 Nce5 19. N1h2 Nxf3+ 20. Nxf3 Ne5 21. Nxe5 Qxe5 22. Qe3 Bd7 23. f4 Qe7 24. e5 Rad8 25. Rad1 Bc8 26. g4 dxe5 27. fxe5 c4 28. bxc4 bxc4 29. d6 Qb7 30. Bf5 Bxf5 31. gxf5 Qc6 32. Qg3 h6 33. f6 g6 34. Qe3 Kh7 35. Rd4 c3 36. Rh4 h5 37. Qd3 Kh8 38. Rc4 Qb5 39. Qxc3 Rc8 40. Rxc8 1-0